Professional C# 2005 with .NET 3.0 (Record no. 186651)

MARC details
000 -LEADER
fixed length control field 00516nam a2200205Ia 4500
008 - FIXED-LENGTH DATA ELEMENTS--GENERAL INFORMATION
fixed length control field 140306s9999 xx 000 0 und d
020 ## - INTERNATIONAL STANDARD BOOK NUMBER
International Standard Book Number 9788126513321
041 ## - LANGUAGE CODE
Language code of text/sound track or separate title eng
082 ## - DEWEY DECIMAL CLASSIFICATION NUMBER
Classification number 005.133
Item number NAG/PR
100 ## - MAIN ENTRY--PERSONAL NAME
Personal name Evjen, Bill
245 ## - TITLE STATEMENT
Title Professional C# 2005 with .NET 3.0
260 ## - PUBLICATION, DISTRIBUTION, ETC. (IMPRINT)
Place of publication, distribution, etc. New Delhi
Name of publisher, distributor, etc. Wiley India Edition
Date of publication, distribution, etc. 2007
300 ## - PHYSICAL DESCRIPTION
Extent 1748
365 ## - TRADE PRICE
Price amount Rs.699/-
700 ## - ADDED ENTRY--PERSONAL NAME
Personal name Glynn, Jay
700 ## - ADDED ENTRY--PERSONAL NAME
Personal name Nagel, Christian
700 ## - ADDED ENTRY--PERSONAL NAME
Personal name Skinner, Morgan
700 ## - ADDED ENTRY--PERSONAL NAME
Personal name Watson, Karli
942 ## - ADDED ENTRY ELEMENTS (KOHA)
Source of classification or shelving scheme Dewey Decimal Classification
Koha item type Books (General)
Holdings
Withdrawn status Lost status Source of classification or shelving scheme Damaged status Not for loan Home library Current library Cost, normal purchase price Total Checkouts Full call number Date last seen Price effective from Koha item type
    Dewey Decimal Classification     College of Co-operation, Banking & Management Library, Vellanikkara College of Co-operation, Banking & Management Library, Vellanikkara 699.00   005.133 NAG/PR 22/03/2014 22/03/2014 Books (General)
Kerala Agricultural University Central Library
Thrissur-(Dt.), Kerala Pin:- 680656, India
Ph : (+91)(487) 2372219
E-mail: librarian@kau.in
Website: http://library.kau.in/